000 004330000a22001690004500
003 MACL
005 20160102125557.0
008 160102b xxu||||| |||| 00| 0 eng d
040 _aMACL
_cMACL
041 _aEnglish
082 _a800/STE
100 _aStewart, Aubrey
_926995
245 _aL Annaeus Seneca
_bMinor Dialogues
260 _bG Bell & Sons Ltd
_c1912
_aLondon
650 _aLiterature
_926996
942 _cBK
_k800/STE
_2ddc
999 _c39363
_d39363